Miniaturas (Registo nº 3968)

Detalhes MARC
000 -Etiqueta do registo
Cabeçalho 00686nam0a2200241 4500
005 - Identificador da versão
Campo de controlo 20240813122049.0
010 ## - Número internacional normalizado dos livros (ISBN)
Número (ISBN) 972772244X
021 ## - Número do Depósito Legal
Código do país PT
Número 164418/01
100 ## - Dados gerais de processamento
Dados gerais de processamento 20190108d2001 am y0pory5003 ba
102 ## - Pais de publicação ou produção
País de publicação Portugal
101 0# - Língua de publicação
Língua do texto, banda sonora, etc. Português
215 ## - Descrição física 
Indicação específica da natureza do documento e extensão da espécie 44 p
200 1# - Titulo e menção de responsabilidade
Título próprio Miniaturas
Primeira menção de responsabilidade Paulo Kellerman
210 ## - Publicação, Distribuição, etc. 
Lugar da edição, distribuição, etc. Lisboa
Nome do editor, distribuidor, etc. Colibri
Lugar da edição, distribuição, etc. Portimão
Nome do editor, distribuidor, etc. Câmara Municipal
Data da publicação, distribuição, etc. 2001
300 ## - Notas gerais 
Texto da nota PrémioManuel Teixeira Gomes (Prémio especial 2000)
606 ## - Nome comum usado como assunto
Número de registo de entrada de autoridade 0001335
Palavra de ordem Literatura portuguesa
Subdivisão de assunto Conto
Código do sistema CA
675 ## - Classificação Decimal Universal (CDU)
Notação 821.134.3-34
Edição 3ª ed.
Língua da edição por
700 #1 - Nome de autor-pessoa física (responsabilidade principal)
Número de registo de entrada de autoridade 0000446
Palavra de ordem Kellerman
Outra parte do nome não tomada para palavra de ordem Paulo
Datas 1974-
966 ## - Identificação da Biblioteca
Sigla EBVEN
942 ## - Elementos de entrada adicionados (Koha)
Tipo de item no Koha Livro
Exemplares
Situação do levantamento Origin of item (home branch) (coded) Biblioteca de empréstimo Código de barras Cota Circulation type (not for loan) Tipo de documento Nota do exemplar Damaged status
  Biblioteca Escolar das Vendas Biblioteca Escolar das Vendas BEV1662 8POR KEL   Livro Sem mensagem